000 00705nam a22002057a 4500
999 _c19213
_d19213
003 AR-CdUCM
008 190516b ||||| |||| 00| 0 spa d
040 _aMUNICIPALIDAD PROVINCIAL DEL CUSCO
_cBIBLIOTECA MUNICIPAL DEL CUSCO
082 _a338 /
_bR83
100 _aRostow, Walt W.
_940421
245 _aEl proceso de desarrollo /
260 _aBuenos Aires :
_bVea y Lea,
_c1964.
300 _a473 paginas ;
_c23 cm.
505 _aContenido :Análisis del crecimiento económico --Aplicaciones diversas --Algunas otras aplicaciones ...
650 _aDesarrollo
_92021
650 _aEstadisticas
_94614
650 _aCrecimiento económico
_92403
942 _2ddc
_cLIBROS
945 _arjall
_d2019-05-16